| 000 | 00000nam 2200000za 4500 |
| 001 | 9.822252 |
| 003 | CaOODSP |
| 005 | 20250113162339 |
| 007 | cr ||||||||||| |
| 008 | 160809s2011 onc|||||o f|0| 0 ind d |
| 040 | |aCaOODSP|beng |
| 043 | |an-cn--- |
| 086 | 1 |aA15-11516/2011Ind-PDF|zA15-11516/2011Id-PDF |
| 245 | 01|a[Canadian cranberries |h[electronic resource] : |ba tart treasure]. |
| 246 | 13|aCranberry Kanada : |bKue Tarcis yang Nikmat |
| 250 | |a[Indonesian edition]. |
| 260 | |a[Ottawa : |bAgriculture and Agri-Food Canada, |cc2011]. |
| 300 | |a2 p. : |bphotographs. |
| 500 | |aEnglish title supplied by the publisher. |
| 500 | |aIssued also in English under title: Canadian cranberries: a tart treasure. |
| 500 | |aIssued also in Japanese, Korean, Spanish, Italian and French. |
| 520 | |aCranberries are native to Canada’s Atlantic provinces, where they grow wild and are sometimes known as “marsh apples.” They have become big business in several Canadian provinces—Canada, in fact, is the world’s second-largest producer of this tart red fruit. ... |
| 546 | |aText in Indonesian. |
| 692 | 07|2gccst|aAgri-food industry |
| 693 | 4|aCranberries |
| 710 | 1 |aCanada. |bAgriculture and Agri-Food Canada. |
| 775 | 08|tCanadian cranberries : |w(CaOODSP)9.695117 |
| 792 | |t[Canneberge canadienne |efre|w(CaOODSP)9.822256 |
| 856 | 40|qPDF|s362 KB|uhttps://publications.gc.ca/collections/collection_2016/aac-aafc/A15-11516-2011-ind.pdf |
| 986 | |aAAFC No. 11516IND |